000 00376nam a2200121Ia 4500
008 220615s9999||||xx |||||||||||||| ||und||
245 4 _aThe Anthem Companion to Auguste Comte
546 _aEnglish[eng]
650 _aSocial Science||Sociology
700 _aWernick, Andrew
856 _uhttps://library.oapen.org/bitstream/20.500.12657/52817/1/external_content.pdf
942 _cEB
999 _c9131
_d9131